Feminist narratives and the sociology of religion /

Bibliographic Details
Other Authors: Nason-Clark, Nancy, 1956-, Neitz, Mary Jo, 1951-
Format: Book
Language:English
Published: Walnut Creek, CA : AltaMira Press, [2001]
Subjects:

MARC

Tag First Indicator Second Indicator Subfields
LEADER 00000cam a22000004a 4500
001 in00001660113
005 20151023113523.0
008 010719s2001 cau b 000 0 eng
010 |a  2001046343 
020 |a 0759101981 (pbk. : alk. paper) 
020 |a 0759101973 (alk. paper) 
035 |a (OCoLC)ocm47718005 
040 |a DLC  |c DLC  |d TXA  |d UtOrBLW 
042 |a pcc 
049 |a TXAM 
050 0 0 |a BL60  |b .F45 2001 
082 0 0 |a 306.6/082  |2 21 
245 0 0 |a Feminist narratives and the sociology of religion /  |c edited by Nancy Nason-Clark, Mary Jo Neitz. 
264 1 |a Walnut Creek, CA :  |b AltaMira Press,  |c [2001] 
264 4 |c ©2001 
300 |a vi, 141 pages ;  |c 26 cm. 
336 |a text  |b txt  |2 rdacontent 
337 |a unmediated  |b n  |2 rdamedia 
338 |a volume  |b nc  |2 rdacarrier 
504 |a Includes bibliographical references. 
650 0 |a Religion and sociology. 
650 0 |a Feminism  |x Religious aspects. 
700 1 |a Nason-Clark, Nancy,  |d 1956- 
700 1 |a Neitz, Mary Jo,  |d 1951- 
948 |a cataloged  |b h  |c 2002/1/18  |d c  |e jgreene  |f 4:49:09 pm 
994 |a E0  |b TXA 
999 |a MARS 
999 f f |s 297c6063-9b90-398b-be84-267775d5010b  |i ce07d04f-0ec0-3f40-b3c5-d757b1da81ac  |t 0 
952 f f |p ric  |a Texas A&M University  |b Rellis Campus  |c Joint Library Facility  |d Remote Storage  |t 0  |e BL60 .F45 2001  |h Library of Congress classification  |i unmediated -- volume  |m A14828523150 
998 f f |a BL60 .F45 2001  |t 0  |l Remote Storage